Визитные карточки в количестве двадцать четыре

Доступно только в Электронных читальных залах Найти на картеНа карте
RUSMARC
00003915nmc2a22002773x 450
0019d3c0c96-35f0-4b08-91fd-94be291c5542
00520251226101639.0
100##$a20250619l18831918k l0rusy0189 ca
1010#$arus
$afre
102##$aRU
105##$aa###
1222#$ad
2001#$aВизитные карточки в количестве двадцать четыре
$jбез даты
215##$a28 л.
$cрис.
$d38х26 см
251##$cДело
300##$aЛичные и хозяйственные документы
300##$aНа обложке указано: "Е.Г. Кривошеина (урожденная Карпова)"
300##$aПриложены два детских рисунка
300##$aНа русском и французском языках
371##$aДокумент не является опубликованным и широко распространяемым
461#0$10014a7d475a-da6a-4fe5-ac12-54e1d873a03e
$12001
$aКривошеин Александр Васильевич
$1251
$cФонд
$1852
$j1571
462#0$10019af0f408-9074-482a-a22c-3a631489d173
$12001
$aЛичные документы Е.Г. Kривошеиной и ее сыновей; письма ей членов семьи и других лиц
$1251
$cОпись
$1852
$j2
801#0$aRU
$bРГИА
$c20250619
$gRCR
801#1$aRU
$bГлавНИВЦ
$c20250619
$2rusmarc
801#2$aRU
$bПБ им. Б.Н. Ельцина
$c20251226
$gRCR
$2rusmarc
850##$aРГИА
852##$aРГИА
$eФедеральное казенное учреждение "Российский государственный исторический архив" (РГИА)
$j15
937##$hРГИА
$d12422473
$aASBIBLIO_SCAN
035##$aRusGRCC00088098
856##$uhttp://readingroom.main.prlib.ru/item.aspx?id_node=n199875754&mode=full
Формат отображения